"Hola" en diferentes idiomas - Estadísticas

Estadísticas generales
  • Esta prueba ha sido intentada 237 veces
    236 desde el último reinicio
  • La puntuación promedio es 13 de 32
Estadísticas de respuestas
Hola Idioma % Correcto
Bonjour Francés
100%
Hello Inglés
100%
Ciao Italiano
98%
Привет Ruso
87%
Hallo Alemán
83%
Olá Portugués
76%
こんにちは Japonés
69%
你好 Chino mandarín
67%
안녕하세요 Coreano
66%
Χαίρετε Griego
52%
Cześć Polaco
49%
Здравствуйте Ucraniano
45%
أهلا Árabe
44%
Hola Catalán
42%
สวัสดี Tailandés
38%
שלום Hebreo
37%
नमस्ते Hindi
35%
Merhaba Turco
32%
Xin chào Vietnamita
32%
Kaixo Vasco
30%
Salve Latín
28%
Ola Gallego
27%
Hallå Sueco
23%
Buna ziua Rumano
19%
Zdravo Croata
16%
Habari Suajili
6%
ਸਤ ਸ੍ਰੀ ਅਕਾਲ Punyabi
5%
Maitei Guaraní
3%
Sannu Hausa
2%
Helló Húngaro
2%
Nnọọ Igbo
2%
హలో Telugu
2%
No se encontraron pruebas coincidentes
Distribución de puntuación
Porcentaje de gente con cada puntuación
Porcentaje por número respondido
Historial de tus puntuaciones
No has intentado esta prueba desde el último reinicio